<?xml version="1.0" encoding="UTF-8"?>
<record
    xmlns:xsi="http://www.w3.org/2001/XMLSchema-instance"
    xsi:schemaLocation="http://www.loc.gov/MARC21/slim http://www.loc.gov/standards/marcxml/schema/MARC21slim.xsd"
    xmlns="http://www.loc.gov/MARC21/slim">

  <leader>02515cam a2200613 i 4500</leader>
  <controlfield tag="001">xx004947150</controlfield>
  <controlfield tag="003">NUKAT</controlfield>
  <controlfield tag="005">20260424124100.0</controlfield>
  <controlfield tag="008">200916s2020    pl a         |001 0dpol c</controlfield>
  <datafield tag="020" ind1=" " ind2=" ">
    <subfield code="a">9788380989863</subfield>
    <subfield code="q">(oprawa twarda) :</subfield>
    <subfield code="c">z&#x142; 39,00</subfield>
  </datafield>
  <datafield tag="020" ind1=" " ind2=" ">
    <subfield code="z">9788380989833</subfield>
    <subfield code="q">(oprawa twarda) :</subfield>
    <subfield code="c">z&#x142; 39,00</subfield>
  </datafield>
  <datafield tag="035" ind1=" " ind2=" ">
    <subfield code="a">(OCoLC)1199649061</subfield>
  </datafield>
  <datafield tag="035" ind1=" " ind2=" ">
    <subfield code="a">(NUKAT)xx004947150</subfield>
  </datafield>
  <datafield tag="040" ind1=" " ind2=" ">
    <subfield code="a">KAT U/DL</subfield>
    <subfield code="b">pol</subfield>
    <subfield code="e">rda</subfield>
    <subfield code="c">KAT U/DLs</subfield>
    <subfield code="d">KAT U/MP</subfield>
    <subfield code="d">KAT U/DL</subfield>
    <subfield code="d">WR O/KP</subfield>
    <subfield code="d">OLSZT 008/bak</subfield>
  </datafield>
  <datafield tag="045" ind1="2" ind2=" ">
    <subfield code="b">d1942</subfield>
    <subfield code="b">d1951</subfield>
  </datafield>
  <datafield tag="046" ind1=" " ind2=" ">
    <subfield code="k">2020</subfield>
  </datafield>
  <datafield tag="100" ind1="1" ind2=" ">
    <subfield code="a">Balbus, Tomasz</subfield>
    <subfield code="d">(1970- ).</subfield>
    <subfield code="e">Autor</subfield>
    <subfield code="9">14767</subfield>
  </datafield>
  <datafield tag="245" ind1="1" ind2="0">
    <subfield code="a">Szczerbcowa brygada w fotografii i relacjach /</subfield>
    <subfield code="c">Tomasz Balbus.</subfield>
  </datafield>
  <datafield tag="260" ind1=" " ind2=" ">
    <subfield code="a">Warszawa :</subfield>
    <subfield code="b">Instytut Pami&#x119;ci Narodowej,</subfield>
    <subfield code="c">2020.</subfield>
  </datafield>
  <datafield tag="300" ind1=" " ind2=" ">
    <subfield code="a">167, [1] strona :</subfield>
    <subfield code="b">ilustracje ;</subfield>
    <subfield code="c">30 cm.</subfield>
  </datafield>
  <datafield tag="336" ind1=" " ind2=" ">
    <subfield code="a">Tekst</subfield>
    <subfield code="b">txt</subfield>
    <subfield code="2">rdacontent</subfield>
  </datafield>
  <datafield tag="337" ind1=" " ind2=" ">
    <subfield code="a">Bez urz&#x105;dzenia po&#x15B;rednicz&#x105;cego</subfield>
    <subfield code="b">n</subfield>
    <subfield code="2">rdamedia</subfield>
  </datafield>
  <datafield tag="338" ind1=" " ind2=" ">
    <subfield code="a">Wolumin</subfield>
    <subfield code="b">nc</subfield>
    <subfield code="2">rdacarrier</subfield>
  </datafield>
  <datafield tag="380" ind1=" " ind2=" ">
    <subfield code="a">Albumy i ksi&#x105;&#x17C;ki artystyczne</subfield>
  </datafield>
  <datafield tag="380" ind1=" " ind2=" ">
    <subfield code="a">Ksi&#x105;&#x17C;ki</subfield>
  </datafield>
  <datafield tag="380" ind1=" " ind2=" ">
    <subfield code="a">Literatura faktu, eseje, publicystyka</subfield>
  </datafield>
  <datafield tag="386" ind1=" " ind2=" ">
    <subfield code="m">Przynale&#x17C;no&#x15B;&#x107; kulturowa</subfield>
    <subfield code="a">Literatura polska</subfield>
  </datafield>
  <datafield tag="388" ind1="1" ind2=" ">
    <subfield code="a">2001-</subfield>
  </datafield>
  <datafield tag="500" ind1=" " ind2=" ">
    <subfield code="a">Publikacja przygotowana w ramach prac naukowo badawczych Archiwum Instytutu Pami&#x119;ci Narodowej.</subfield>
  </datafield>
  <datafield tag="504" ind1=" " ind2=" ">
    <subfield code="a">Bibliografia na stronie 164. Indeks.</subfield>
  </datafield>
  <datafield tag="600" ind1="1" ind2="7">
    <subfield code="a">Fr&#xF3;g, Gracjan</subfield>
    <subfield code="d">(1911-1951)</subfield>
    <subfield code="2">DBN</subfield>
    <subfield code="9">40469</subfield>
  </datafield>
  <datafield tag="600" ind1="1" ind2="7">
    <subfield code="a">Fr&#xF3;g, Gracjan</subfield>
    <subfield code="d">(1912-1951).</subfield>
    <subfield code="2">kaba</subfield>
    <subfield code="9">40470</subfield>
  </datafield>
  <datafield tag="610" ind1="2" ind2="7">
    <subfield code="a">3 Brygada Wile&#x144;ska (Armia Krajowa)</subfield>
    <subfield code="2">DBN</subfield>
    <subfield code="9">39416</subfield>
  </datafield>
  <datafield tag="610" ind1="1" ind2="7">
    <subfield code="a">Polska.</subfield>
    <subfield code="b">Armia Krajowa.</subfield>
    <subfield code="b">3 Brygada "Szczerbca"</subfield>
    <subfield code="v">fotografie.</subfield>
    <subfield code="2">kaba</subfield>
    <subfield code="9">40471</subfield>
  </datafield>
  <datafield tag="610" ind1="1" ind2="7">
    <subfield code="a">Polska.</subfield>
    <subfield code="b">Armia Krajowa.</subfield>
    <subfield code="b">3 Brygada "Szczerbca"</subfield>
    <subfield code="v">relacje osobiste.</subfield>
    <subfield code="2">kaba</subfield>
    <subfield code="9">40472</subfield>
  </datafield>
  <datafield tag="648" ind1=" " ind2="7">
    <subfield code="a">1901-2000</subfield>
    <subfield code="2">DBN</subfield>
    <subfield code="9">34996</subfield>
  </datafield>
  <datafield tag="648" ind1=" " ind2="7">
    <subfield code="a">1939-1945</subfield>
    <subfield code="2">DBN</subfield>
    <subfield code="9">36042</subfield>
  </datafield>
  <datafield tag="648" ind1=" " ind2="7">
    <subfield code="a">1945-1989</subfield>
    <subfield code="2">DBN</subfield>
    <subfield code="9">36043</subfield>
  </datafield>
  <datafield tag="650" ind1=" " ind2="7">
    <subfield code="a">Podziemie polityczne i zbrojne (1944-1956)</subfield>
    <subfield code="2">DBN</subfield>
    <subfield code="9">37255</subfield>
  </datafield>
  <datafield tag="650" ind1=" " ind2="7">
    <subfield code="a">Prze&#x15B;ladowania polityczne</subfield>
    <subfield code="2">DBN</subfield>
    <subfield code="9">36911</subfield>
  </datafield>
  <datafield tag="650" ind1=" " ind2="7">
    <subfield code="a">Ruch oporu</subfield>
    <subfield code="2">DBN</subfield>
    <subfield code="9">35814</subfield>
  </datafield>
  <datafield tag="650" ind1=" " ind2="7">
    <subfield code="a">S&#x142;u&#x17C;ba bezpiecze&#x144;stwa</subfield>
    <subfield code="2">DBN</subfield>
    <subfield code="9">36912</subfield>
  </datafield>
  <datafield tag="651" ind1=" " ind2="7">
    <subfield code="a">Wilno (Litwa ; okolice)</subfield>
    <subfield code="2">DBN</subfield>
    <subfield code="9">35579</subfield>
  </datafield>
  <datafield tag="655" ind1=" " ind2="7">
    <subfield code="a">Album</subfield>
    <subfield code="2">DBN</subfield>
    <subfield code="9">35390</subfield>
  </datafield>
  <datafield tag="655" ind1=" " ind2="7">
    <subfield code="a">Antologia</subfield>
    <subfield code="2">DBN</subfield>
    <subfield code="9">34961</subfield>
  </datafield>
  <datafield tag="655" ind1=" " ind2="7">
    <subfield code="a">Pami&#x119;tniki i wspomnienia</subfield>
    <subfield code="2">DBN</subfield>
    <subfield code="9">35005</subfield>
  </datafield>
  <datafield tag="658" ind1=" " ind2=" ">
    <subfield code="a">Bezpiecze&#x144;stwo i wojskowo&#x15B;&#x107;</subfield>
  </datafield>
  <datafield tag="658" ind1=" " ind2=" ">
    <subfield code="a">Historia</subfield>
  </datafield>
  <datafield tag="710" ind1="2" ind2=" ">
    <subfield code="a">Instytut Pami&#x119;ci Narodowej - Komisja &#x15A;cigania Zbrodni przeciwko Narodowi Polskiemu.</subfield>
    <subfield code="e">Wydawca</subfield>
    <subfield code="4">pbl</subfield>
    <subfield code="9">11792</subfield>
  </datafield>
  <datafield tag="920" ind1=" " ind2=" ">
    <subfield code="a">978-83-8098-986-3 (oprawa twarda) : z&#x142; 39,00</subfield>
  </datafield>
  <datafield tag="942" ind1=" " ind2=" ">
    <subfield code="2">ddc</subfield>
    <subfield code="c">BK_NM</subfield>
  </datafield>
  <datafield tag="999" ind1=" " ind2=" ">
    <subfield code="c">27747</subfield>
    <subfield code="d">27747</subfield>
  </datafield>
  <datafield tag="952" ind1=" " ind2=" ">
    <subfield code="0">0</subfield>
    <subfield code="1">0</subfield>
    <subfield code="2">ddc</subfield>
    <subfield code="4">0</subfield>
    <subfield code="7">0</subfield>
    <subfield code="8">K_mag</subfield>
    <subfield code="a">BIP</subfield>
    <subfield code="b">BIP</subfield>
    <subfield code="d">2020-11-30</subfield>
    <subfield code="e">D-36/2020</subfield>
    <subfield code="f">D</subfield>
    <subfield code="g">49.00</subfield>
    <subfield code="i">59931</subfield>
    <subfield code="l">0</subfield>
    <subfield code="o">59931</subfield>
    <subfield code="p">IPWK21632</subfield>
    <subfield code="r">2026-04-24 12:43:33</subfield>
    <subfield code="w">2026-04-24</subfield>
    <subfield code="y">BK_NM</subfield>
  </datafield>
</record>
